ბათუმის შოთა რუსთაველის სახელმწიფო უნივერსიტეტის ბიბლიოთეკა

სისხლის სამართალი კერძო ნაწილი ტ.1 : (ბიბ.ჩანაწერი № 54139)

000 -ლიდერი
ფიქსირებული სიგრძის საკონტროლო ველი 01312nam a2200265Ia 4500
001 - საკონტროლო ნომერი
საკონტროლო ველი 21194
003 - საკონტროლო ნომრის იდენტიფიკატორი
საკონტროლო ველი GE_BSU
005 - ბოლო ოპერაციის თარიღი და დრო
საკონტროლო ველი 20210720165840.0
008 - ფიქსირებული სიგრძის მონაცემთა ელემენტები - ზოგადი ინფორმაცია
ფიქსირებული სიგრძის საკონტროლო ველი 181216s ||||ge |||||||||||||| ||geo||
020 ## - წიგნის საერთაშორისო სტანდარტული ნომერი
International Standard Book Number 999401045X
040 ## - კატალოგიზაციის წყარო
Transcribing agency GE_BSU
041 ## - ენის კოდი
Language code of text/sound track or separate title geo
080 ## - უნივერსალური ათობითი კლასიფიკაციის ინდექსი
Universal Decimal Classification number 343(479.22)(094.4) წ–85
100 ## - მთავარი ჩანაწერი - პიროვნების სახელი
Personal name წულაია, ზაურ
9 (RLIN) 12304
245 ## - ცნობა სათაურის შესახებ
Title სისხლის სამართალი კერძო ნაწილი ტ.1 :
Remainder of title საქართველოს ახალი სისხლის სამართლის კოდექსის 2003წლის 15 აპრილის მდგომარეობის მიხედვით /
Statement of responsibility, etc ზაურ წულაია ; რედ. გოჩა მამულაიშვილი.
250 ## - გამოცემის ცნობა
Edition statement მეორე გამოცემა
264 ## - წარმოების, გამოცემის, დისტრიბუციის და სხვა ცნობები
გამოცემის, წარმოების, დისტრიბუციის... ადგილი თბილისი :
გამოცემის, წარმოების, დისტრიბუციის... სახელწოდება ინტელექტი,
გამოცემის, წარმოების, დისტრიბუციის... თარიღი 2003.
300 ## - ფიზიკური აღწერა
Extent 368გვ;20სმ.
504 ## - BIBLIOGRAPHY, ETC. NOTE
Bibliography, etc ბიბლიოგრ. : გვ.364-368
653 ## - INDEX TERM--UNCONTROLLED
Uncontrolled term სამართალი
653 ## - INDEX TERM--UNCONTROLLED
Uncontrolled term სისხლის სამართლის კერძო ნაწილი
700 ## - ADDED ENTRY--PERSONAL NAME
Personal name მამულაიშვილი, გოჩა
Relator term რედაქტორი
9 (RLIN) 7762
942 ## - ADDED ENTRY ELEMENTS (KOHA)
Koha item type წიგნი
Source of classification or shelving scheme
ეგზემპლარები
ჩამოწერის სტატუსი დაკარგული ეგზემპლარის სტატუსი კლასიფიკაციის წყარო ან თაროზე გაწყობის სქემა დაზიანების სტატუსი არ გაიცემა მუდმივი მდებარეობა (დაცვის ადგილი) ამჟამინდელი ადგილსამყოფელი თაროზე განთავსების ადგილი შეძენის თარიღი ღირებულება, შესყიდვის ნორმალური ფასი სრული შენახვის შიფრი შტრიხკოდი ბოლო ოპერაციის თარიღი ეგზემპლარის მიმდევრობითი ნომერი (კეტერი?) ფასის ძალაში შესვლის თარიღი ეგზემპლარის სახეობა საჯარო შენიშვნა
          ბათუმის შოთა რუსთაველის სახელმწიფო უნივერსიტეტის მთავარი ბიბლიოთეკა ბათუმის შოთა რუსთაველის სახელმწიფო უნივერსიტეტის მთავარი ბიბლიოთეკა წიგნსაცავი 2018-12-17 20.00 343(479.22)(094.4) წ–85 54774 2018-12-17 54774 2018-12-17 წიგნი 20.00 ₾.
          ბათუმის შოთა რუსთაველის სახელმწიფო უნივერსიტეტის მთავარი ბიბლიოთეკა ბათუმის შოთა რუსთაველის სახელმწიფო უნივერსიტეტის მთავარი ბიბლიოთეკა წიგნსაცავი 2018-12-17 20.00 343(479.22)(094.4) წ–85 54775 2018-12-17 54775 2018-12-17 წიგნი 20.00 ₾.